LE SSERAFIM - Paroles Smart - Statistiques

Statistiques générales
  • Ce quiz a été pris 7 fois
  • Le résultat moyen est 147 sur 197
Statistiques - réponses
Hint Réponse % Correct
a
100%
Intro (Ah
100%
ah
100%
ah)
100%
baby,
100%
baby
100%
be
100%
Refrain I'm
100%
I
100%
Refrain I'm
100%
me,
100%
me
100%
smarter,
100%
smarter
100%
Smarter,
100%
Smarter
100%
(Smarter,
100%
smarter)
100%
Wanna
100%
wanna
100%
(Wanna
100%
winner
100%
winner,
100%
winner)
100%
call
75%
huh
75%
it
75%
LE
75%
mean,
75%
mean
75%
(My
75%
So
75%
SSERAFIM,
75%
"sugar"
75%
sugar,
75%
sugar)
75%
sugar
75%
To
75%
to
75%
Plan
50%
victory
50%
"villain"
50%
all
25%
Best
25%
*Dinner
25%
don't
25%
Don't
25%
down,
25%
get,
25%
hard
25%
in
25%
is
25%
it's
25%
just
25%
loser,
25%
loser
25%
loser)
25%
luck,"
25%
luck"
25%
lying,
25%
lying
25%
mad
25%
"No,
25%
not
25%
of
25%
planned
25%
scheme,
25%
secret,
25%
see,
25%
see
25%
shortcut
25%
slow
25%
superfast
25%
that,
25%
(That
25%
that
25%
"That's
25%
that's
25%
the
25%
tick
25%
tock,
25%
want
25%
what
25%
Couplet 2 Work
25%
right*
0%
Aucun quiz correspondant
Distribution des résultats
% des personnes avec chaque résultat
Percentile par nombre de réponses
Votre historique - résultats
Vous n’avez pas pris ce quiz